LIBRARY & INFORMATION CENTRE, KCAET, TAVANUR

ONLINE PUBLIC ACCESS CATALOGUE (OPAC)

Basic radio vol- 5 / (Record no. 8967)

MARC details
000 -LEADER
fixed length control field 00387cam a2200157ua 4500
003 - CONTROL NUMBER IDENTIFIER
control field OSt
008 - FIXED-LENGTH DATA ELEMENTS--GENERAL INFORMATION
fixed length control field 250108b |||||||| |||| 00| 0 eng d
041 ## - LANGUAGE CODE
Language code of text/sound track or separate title eng
082 ## - DEWEY DECIMAL CLASSIFICATION NUMBER
Classification number 621.3184
Item number TEP/BA
100 ## - MAIN ENTRY--AUTHOR NAME
Personal name Tepper, M .
245 ## - TITLE STATEMENT
Title Basic radio vol- 5 /
250 ## - EDITION STATEMENT
Edition statement 1 /
260 ## - PUBLICATION, DISTRIBUTION, ETC. (IMPRINT)
Place of publication Mumbai :
Name of publisher D B Taraporevala sons & Co. Pvt. Ltd. ,
Year of publication 1968.
300 ## - PHYSICAL DESCRIPTION
Number of Pages 64 ; .
942 ## - ADDED ENTRY ELEMENTS (KOHA)
Koha item type Books
Holdings
Withdrawn status Lost status Damaged status Home library Current library Date acquired Full call number Accession Number Koha item type
      KAUAET KAUAET 07/04/2012 621.3184 TEP/BA 12199 Books
free website counter